Loading...
| History - World | 1 | 4 | 0 | 1 | 55 | 16 | 64.60 | 1 | 2 | 20.54 | 25.00 |
| Fine Arts - Other | 0 | 3 | 0 | 2 | 30 | 116 | 121.33 | 0 | 1 | 2.55 | 13.64 |
| Geography | 1 | 1 | 1 | 1 | 20 | 42 | 70.50 | 0 | 1 | 19.44 | 20.00 |
| History - American | 0 | 2 | 0 | 0 | 20 | 86 | 90.50 | 1 | 1 | 5.32 | 10.23 |
| Mythology | 1 | 0 | 0 | 0 | 15 | 47 | 47.00 | 1 | 1 | 5.75 | 7.95 |
| Other Academic | 1 | 0 | 0 | 0 | 15 | 20 | 20.00 | 1 | 1 | 21.18 | 25.00 |
| Social Science | 1 | 0 | 1 | 0 | 10 | 49 | 49.00 | 0 | 0 | 5.72 | 5.68 |
| History - Ancient/Other | 1 | 0 | 1 | 0 | 10 | 59 | 59.00 | 0 | 1 | 5.46 | 9.72 |
| History - Other | 0 | 1 | 0 | 0 | 10 | 97 | 97.00 | 0 | 1 | 9.58 | 43.75 |
| Fine Arts - Classical Music | 0 | 1 | 0 | 0 | 10 | 93 | 93.00 | 0 | 0 | 3.18 | 4.55 |
| Philosophy | 0 | 1 | 0 | 0 | 10 | 67 | 67.00 | 0 | 1 | 4.14 | 4.55 |
| History - European | 0 | 2 | 3 | 0 | 5 | 70 | 72.00 | 0 | 2 | 7.58 | 12.50 |